000 00791nam a2200193Ia 4500
008 090124s9999 xx 000 0 und d
082 _b128012
100 _aजोशी लक्ष्मणशास्त्री
245 _a आद्य शंकराचार्य जीवन आणि विचार
250 _a1
260 _c1997
300 _a92
600 _aजोशी लक्ष्मणशास्त्री
630 _a आद्य शंकराचार्य जीवन आणि विचार
700 _aखंडकर अरुंधती
700 _aजोशी लक्ष्मणशास्त्री
730 _a आद्य शंकराचार्य जीवन आणि विचार
942 _cBOOK
999 _c174101
_d174101